Central Library OPAC University of Rajshahi

لباب النقول في أسباب النزول ;; Libab al Nuqul Fi Asbab al Nujul / (Record no. 15223)

MARC details
000 -LEADER
fixed length control field 01176nam a22002412a 4500
001 - CONTROL NUMBER
control field 15223
003 - CONTROL NUMBER IDENTIFIER
rucl marc code BD-RjUL
005 - DATE AND TIME OF LATEST TRANSACTION
control field 20231018135414.0
008 - FIXED-LENGTH DATA ELEMENTS--GENERAL INFORMATION
fixed length control field 231017s2001 nyu 001 0 a u
035 ## - SYSTEM CONTROL NUMBER
System control number (BD-RjUL)15277
040 ## - CATALOGING SOURCE
Original cataloging agency CPL
Transcribing agency UkOxU
Modifying agency OCL
-- UKM
-- EQO
-- BD-RjUL
Language of cataloging eng
041 ## - LANGUAGE CODE
Language code of text/sound track or separate title ara
100 1# - MAIN ENTRY--PERSONAL NAME
Personal name السيوطي ، جلال الدين أبو الفضل عبد الرحمن بن أبي بكر بن محمد ;; Al-Suyuti, Jalal al-Din Abu al-Fadl Abd al-Rahman bin Abi Bakr bin Muhammad,AH.
Dates associated with a name 849 - 911
9 (RLIN) 47045
245 10 - TITLE STATEMENT
Title لباب النقول في أسباب النزول ;; Libab al Nuqul Fi Asbab al Nujul /
Statement of responsibility, etc. Jalal al-Din Abu al-Fadl Abdul Rahman bin Abi Bakr bin Muhammad al-Suyuti ;; جلال الدين أبو الفضل عبد الرحمن بن أبي بكر بن محمد السيوطي
260 ## - PUBLICATION, DISTRIBUTION, ETC. (IMPRINT)
Place of publication, distribution, etc. Ar Riyad - Saudi Arabia :
Name of publisher, distributor, etc. Turath For Solutions,
Date of publication, distribution, etc. [2001]
300 ## - PHYSICAL DESCRIPTION
Pagination 399 p. ;
Size 24 cm.
504 ## - BIBLIOGRAPHY, ETC. NOTE
Bibliography, etc Includes index.
650 ## - SUBJECT ADDED ENTRY--TOPICAL TERM
Topical term or geographic name as entry element KORAN REVELATION
9 (RLIN) 9664
Topical term or geographic name as entry element KORANIC SCIENCES العلوم القرآنية
9 (RLIN) 9665
Topical term or geographic name as entry element THE HOLY KORAN
9 (RLIN) 9666
700 1# - ADDED ENTRY--PERSONAL NAME
Personal name Mautz, R. K.
Fuller form of name (Robert Kuhn),
Dates associated with a name 1915-2002
942 ## - ADDED ENTRY ELEMENTS (KOHA)
Source of classification or shelving scheme Dewey Decimal Classification
Koha item type Books
Holdings
Lost status Source of classification or shelving scheme Damaged status Not for loan Collection code Permanent Location Current Location Shelving location Date acquired Source of acquisition Cost, normal purchase price Total Checkouts Full call number Date last seen Copy number Koha item type
  Dewey Decimal Classification   Not For Loan Non-fiction Central Library, University of Rajshahi Central Library, University of Rajshahi Reading Room 16/06/2008 Maktabatul Arabia , Dhaka 400.00   A 297.122601 SUL 2001 18/10/2023 C-1 Books